Cuentos de verdad verdad / (Registro nro. 30820)

Detalles MARC
000 -LEADER
fixed length control field 01055nam a2200241Ia 4500
003 - CONTROL NUMBER IDENTIFIER
control field CO-CtgCURN
005 - DATE AND TIME OF LATEST TRANSACTION
control field 20250826191225.0
008 - FIXED-LENGTH DATA ELEMENTS--GENERAL INFORMATION
fixed length control field 230315s1997 xx 000 0 und d
040 ## - CATALOGING SOURCE
Original cataloging agency CO-CtgCURN
Language of cataloging spa
Transcribing agency coctgcurn
082 ## - DEWEY DECIMAL CLASSIFICATION NUMBER
Classification number Co863.44
Item number P695c
100 ## - MAIN ENTRY--PERSONAL NAME
Personal name Pizarro Vidal, Joaquín
Relator term autor
9 (RLIN) 6814
245 #0 - TITLE STATEMENT
Title Cuentos de verdad verdad /
Statement of responsibility, etc. Joaquín Pizarro Vidal; prólogo., Armando Arrazola Madrid
260 ## - PUBLICATION, DISTRIBUTION, ETC.
Place of publication, distribution, etc. Colombia :
Name of publisher, distributor, etc. Omega Impresores,
Date of publication, distribution, etc. 1997
300 ## - PHYSICAL DESCRIPTION
Extent 93 páginas ;
Dimensions 21 centímetros
500 ## - GENERAL NOTE
General note Incluye índice
505 ## - FORMATTED CONTENTS NOTE
Formatted contents note Don Severiano. El Gamonal de mi pueblo -- El ciego de don Fernando -- Servicio completo -- El nazarenito -- Ño Ceferino. El ñequero -- El derecho del clavo -- Pesca milagrosa -- Odisea de un viaje a Maicao
521 ## - TARGET AUDIENCE NOTE
Target audience note AREA BASICA
590 ## - LOCAL NOTE (RLIN)
Local note Todos los Programas académicos
650 ## - SUBJECT ADDED ENTRY--TOPICAL TERM
Topical term or geographic name entry element Cuentos colombianos
9 (RLIN) 6815
700 ## - ADDED ENTRY--PERSONAL NAME
Personal name Arrazola Madrid, Armando
Relator term prólogo
942 ## - ADDED ENTRY ELEMENTS (KOHA)
Koha item type Libros
Classification part Co863.44
Item part P695c
Source of classification or shelving scheme Dewey Decimal Classification
Suppress in OPAC No
Existencias
Withdrawn status Lost status Source of classification or shelving scheme Damaged status Not for loan Collection Home library Current library Shelving location Date acquired Source of acquisition Inventory number Total checkouts Full call number Barcode Date last seen Copy number Price effective from Koha item type Public note
    Dewey Decimal Classification     General Miguel Henríquez Castañeda Barranquilla Miguel Henríquez Castañeda Barranquilla General 03/15/2023 Donación IP 2023 05231   Co863.44 P695c 05231 03/15/2023 ej.1 03/15/2023 Libros Donación IP 2023